Religion Quiz

Random Religion Quiz

Last Days - Part 2 from Daniel (NIV) Quiz Stats

 Plays Quiz not verified by Sporcle

Score 0/296 Timer 10:00
0 Plays Today
Hint Answer % Correct
the
100%
and
100%
the
100%
the
100%
the
100%
the
100%
the
100%
the
100%
the
100%
and
100%
and
100%
and
100%
the
100%
and
100%
the
100%
the
100%
and
100%
the
100%
the
100%
and
100%
and
100%
a
100%
the
100%
the
100%
and
100%
The
100%
the
100%
the
100%
and
100%
the
100%
The
100%
a
100%
the
100%
and
100%
a
100%
the
100%
the
100%
and
100%
And
100%
a
100%
the
100%
the
100%
the
100%
and
100%
the
100%
the
100%
the
100%
the
100%
I
60%
I
60%
of
60%
to
60%
me
60%
of
60%
I
60%
to
60%
in
60%
of
60%
of
60%
to
60%
to
60%
to
60%
to
60%
to
60%
in
60%
to
60%
to
60%
of
60%
to
60%
in
60%
of
60%
of
60%
In
60%
of
60%
to
60%
on
60%
of
60%
on
60%
to
60%
God
60%
he
50%
he
50%
Daniel 8:19He
50%
you
50%
for
50%
an
50%
for
50%
this
50%
be
50%
It
50%
be
50%
with
50%
be
50%
Daniel 9:27He
50%
with
50%
for
50%
he
50%
an
50%
he
50%
Hint Answer % Correct
an
50%
is
50%
is
50%
him
50%
they
50%
Daniel 11:32With
50%
he
50%
him
50%
where
40%
was
40%
was
40%
man
40%
said
40%
that
40%
time
40%
end
40%
said
40%
am
40%
what
40%
will
40%
time
40%
because
40%
time
40%
end
40%
are
40%
end
40%
From
40%
will
40%
will
40%
but
40%
will
40%
will
40%
have
40%
who
40%
will
40%
come
40%
will
40%
end
40%
will
40%
come
40%
will
40%
end
40%
have
40%
will
40%
will
40%
end
40%
will
40%
that
40%
end
40%
that
40%
out
40%
Daniel 11:31His
40%
will
40%
will
40%
Then
40%
will
40%
that
40%
will
40%
those
40%
who
40%
have
40%
but
40%
who
40%
their
40%
will
40%
Daniel 8:17As
30%
came
30%
your
30%
people
30%
your
30%
put
30%
sin
30%
up
30%
one
30%
comes
30%
there
30%
times
30%
Daniel 9:26After
30%
one
30%
off
30%
people
30%
like
30%
been
30%
one
30%
put
30%
temple
30%
up
30%
up
30%
temple
30%
up
30%
people
30%
place
20%
Son
20%
going
20%
happen
20%
holy
20%
city
20%
wickedness
20%
bring
20%
Hint Answer % Correct
righteousness
20%
prophecy
20%
holy
20%
Daniel 9:25Know
20%
Jerusalem
20%
two
20%
trouble
20%
two
20%
city
20%
flood
20%
War
20%
covenant
20%
many
20%
set
20%
rise
20%
set
20%
covenant
20%
know
20%
near
10%
standing
10%
terrified
10%
fell
10%
prostrate
10%
understand
10%
vision
10%
concerns
10%
tell
10%
later
10%
wrath
10%
vision
10%
concerns
10%
appointed
10%
Daniel 9:24Seventy
10%
sevens
10%
decreed
10%
finish
10%
transgression
10%
atone
10%
everlasting
10%
seal
10%
vision
10%
anoint
10%
most
10%
understand
10%
issuing
10%
decree
10%
restore
10%
rebuild
10%
until
10%
Anointed
10%
ruler
10%
seven
10%
sevens
10%
sixty
10%
sevens
10%
rebuilt
10%
streets
10%
trench
10%
sixty
10%
sevens
10%
Anointed
10%
cut
10%
nothing
10%
ruler
10%
destroy
10%
sanctuary
10%
continue
10%
until
10%
desolations
10%
decreed
10%
confirm
10%
seven
10%
middle
10%
seven
10%
sacrifice
10%
offering
10%
wing
10%
abomination
10%
causes
10%
desolation
10%
until
10%
decreed
10%
poured
10%
armed
10%
forces
10%
desecrate
10%
fortress
10%
abolish
10%
daily
10%
sacrifice
10%
abomination
10%
causes
10%
desolation
10%
flattery
10%
corrupt
10%
violated
10%
firmly
10%
resist
10%

You're not logged in!

Compare scores with friends on all Sporcle quizzes.
OR
Log In

Show Comments

Extras

Created May 15, 2016ReportNominate
Tags:daniel, last, niv

Top Quizzes Today


Score Distribution

Your Account Isn't Verified!

In order to create a playlist on Sporcle, you need to verify the email address you used during registration. Go to your Sporcle Settings to finish the process.

Report this User

Report this user for behavior that violates our Community Guidelines.

Details: